| 000 | 00574nam a22001937a 4500 | ||
|---|---|---|---|
| 005 | 20260301155418.0 | ||
| 010 | _aBACEN26 | ||
| 020 |
_a9788126944026 _c1195.00 |
||
| 037 | _bPeacock | ||
| 082 | _a954 | ||
| 100 |
_aEdwardes, S.M. _987968 |
||
| 245 | 0 | 0 |
_aMughal Rule in India/ _cS.M. Edwardes [and] H.L.O Garrett |
| 250 | _a1 | ||
| 260 |
_aNew Delhi _bAtlantic publishers _c2026 |
||
| 270 |
_a7/22, Ansari road,Daryaganj _bNew Delhi _e110002 |
||
| 300 |
_a374p. _c22cm(pb) |
||
| 700 |
_aGarrett, H.L.O _eAuthor _987754 |
||
| 942 |
_2ddc _cEN _mEDW _h954 |
||
| 999 |
_c215167 _d215167 |
||